Kongresový hotel, Bratislava Slovany

Uložené v:
Podrobná bibliografia
Hlavný autor: Varga, Miloslav, 1990- (Autor)
Ďalší autori: Malovaný, Marián, 1945- (Vedúci práce)
Médium: Rukopis Kniha
Jazyk:Slovak
Vydavateľské údaje: Bratislava 2015
Predmet:
On-line prístup:http://is.stuba.sk/zp/portal_zp.pl?podrobnosti=112134
Tagy: Pridať tag
Žiadne tagy, Buďte prvý, kto otaguje tento záznam!

MARC

LEADER 00000ntm a22000003a 4500
001 stuzp51926
003 SK-STU
005 20210309093238.7
007 ta
008 150427s2015----xo-----f-mn---000-0-slo-d
040 |a STU  |b slo 
041 0 |a slo 
100 1 |a Varga, Miloslav,  |d 1990-  |u 051110  |4 aut  |U FAD Fakulta architektúry a dizajnu  |U FAD Fakulta architektúry  |T FA Ústav architektúry obytných budov  |X 68398  |U A1110  |Y 392  |7 A000068398 
242 0 1 |a CONGRESS HOTEL, BRATISLAVA, SLOVANY  |y eng 
245 1 0 |a Kongresový hotel, Bratislava Slovany 
260 |c 2015  |a Bratislava 
650 4 |a kongresový hotel  |2 slo 
650 4 |a polyfunkcia  |2 slo 
650 4 |a Slovany  |2 slo 
650 4 |a Congress hotel  |2 eng 
650 4 |a polyfunction  |2 eng 
650 4 |a Slovany  |2 eng 
700 1 |a Malovaný, Marián,  |d 1945-  |4 ths  |X 4186  |7 A000004186 
856 4 |u http://is.stuba.sk/zp/portal_zp.pl?podrobnosti=112134  |u https://opac.crzp.sk/?fn=detailBiblioForm&sid=D6D76FDBEB5D0472D97DCCD57304 
SQL |a stuzp51926  |b DDP  |c SLO  |d Kongresový hotel, Bratislava Slovany  |e 68398  |f Varga, Miloslav  |g 051110  |h 4186  |i Malovaný, Marian  |j 20150604  |k 153  |l 05  |m http://is.stuba.sk/zp/portal_zp.pl?podrobnosti=112134  |n I-ARCH  |o 5.1.1. architektúra a urbanizmus